Countries with a Rainforest Cafe - Statistics

General Stats
  • This quiz has been taken 16 times
  • The average score is 5 of 6
Answer Stats
Hint Answer % Correct
North America Canada
100%
North America United States
100%
Europe France
89%
Asia Japan
89%
Middle East United Arab Emirates
78%
Europe Malta
33%
No matching quizzes found
Score Distribution
Percent of People with Each Score
Percentile by Number Answered
Your Score History
You have not taken this quiz